000 00904nam a2200289 i 4500
001 000011005
003 DO-SdBNP
005 20240412074222.0
007 ta
008 091013e1996 dr r 000 p spa d
020 _a9768156236
040 _aDO-SdBNP
_bspa
_cBNPHU
_erda
082 4 _aRD861.44
_bS211a
_222
100 1 _aSánchez, Roberto,
_d1955-
_926442
_qautor
245 1 0 _aAzar de la lluvia :
_b1991-1992 /
_cRoberto Sánchez
264 _aSanto Domingo :
_bCocolo,
_c1996.
300 _a106 páginas ;
_c21 cm.
336 _2rdacontent
_atexto
_btxt
337 _2rdamedia
_asinmediación
_bn
338 _2rdacarrier
_avolumen
_bnc
500 _aIncluye datos biográficos del autor en las páginas 5-6.
590 _aInventariado, 2023 / MF
650 4 _aPoesía dominicana
_966
650 0 _aLiteratura dominicana.
_967
910 _aValidado. Control de calidad. MFF
942 _2ddc
_cLBS1
999 _c10743
_d10743